banner koha

Flora da Usina São José, Igarassu, Pernambuco: Sapindaceae (Registro n. 330824)

MARC details
000 -LÍDER
fixed length control field 02706nab a2200301 i 4500
003 - CÓDIGO MARC DA AGÊNCIA CATALOGADORA
Campo de controle BR-BrBNA
005 - DATA E HORA DA ÚLTIMA ATUALIZAÇÃO
Campo de controle 20250403091735.0
008 - CAMPO DE TAMANHO FIXO
fixed length control field 250403b2016 bl.qr|pooa||| 00| 0 por |
040 ## - FONTE DA CATALOGAÇÃO
Agência catalogadora BR-BrBNA
Idioma da catalogação por
072 ## - CATEGORIA AGRIS
Código AGRIS F70
072 ## - CATEGORIA AGRIS
Código AGRIS K10
100 ## - ENTRADA PRINCIPAL - NOME PESSOAL
Nome pessoal Pereira, Luiz de Aquino
100 ## - ENTRADA PRINCIPAL - NOME PESSOAL
Nome pessoal Amorim, Bruno Sampaio
100 ## - ENTRADA PRINCIPAL - NOME PESSOAL
Nome pessoal Alves, Marccus
100 ## - ENTRADA PRINCIPAL - NOME PESSOAL
Nome pessoal Somner, Genise Vieira
100 ## - ENTRADA PRINCIPAL - NOME PESSOAL
Nome pessoal Barbosa, Maria Regina de Vasconcellos
245 ## - TÍTULO PRINCIPAL
Título principal Flora da Usina São José, Igarassu, Pernambuco: Sapindaceae
500 ## - NOTA GERAL
Nota geral Publicação on-line; 34 ref.; 2 illus.; Summaries (En, Pt)
942 ## - ADDED ENTRY ELEMENTS (KOHA)
Koha item type Analítica
520 ## - NOTA DE RESUMO
Nota de conteúdo <br/><br/>Resumo<br/><br/>Sapindaceae é uma família predominantemente tropical com aproximadamente 1.900 espécies em todo o<br/>mundo. No Brasil ocorrem 418 espécies, que têm como principais centros de diversidade a Floresta Amazônica<br/>e a Floresta Atlântica. A Usina São José, localizada ao norte do estado de Pernambuco, é formada basicamente<br/>por fragmentos de Floresta Estacional Semidecidual. Nela foram registrados sete gêneros e 14 espécies de<br/>Sapindaceae. Cupania o mais rico com quatro espécies, seguido de Paullina com três espécies, Serjania e Talisia <br/>ambos com duas espéices e Allophylus, Cardiospermum e Matayba todos com uma espécie. Este<br/>tratamento apresenta chave de identificação, descrições, ilustrações e comentários taxonômicos das espécies.<br/><br/>Palavras-chave: florística, taxonomia, Floresta Atlântica.<br/><br/><br/><br/><br/>Abstract<br/><br/>Sapindaceae is predominantly a tropical family with about 1,900 species worldwide. In Brazil, there are 418<br/>species recorded so far, whose main centers of diversity are the Amazon and Atlantic Forests. The Usina São<br/>José, located north of the state of Pernambuco, is basically formed by semideciduous forest fragments. It was<br/>recorded seven genera and 14 species of Sapindaceae, Cupania is the richest one with 4 species, followed<br/>by Paullina with three species, Serjania and Talisia both with two species and Allophylus, Cardiospermum<br/>and Matayba all with one species each. This taxonomic treatment provides identification key, descriptions,<br/>illustrations and ecological and taxonomic comment of the species.<br/><br/>Key words: floristic, taxonomy, Atlantic Forest.
650 ## - ASSUNTO - THESAGRO
Cabeçalho tópico ou nome geográfico COMPOSIÇÃO BOTÂNICA
650 ## - ASSUNTO - THESAGRO
Cabeçalho tópico ou nome geográfico TAXONOMIA
650 ## - ASSUNTO - THESAGRO
Cabeçalho tópico ou nome geográfico FLORESTA ATLÂNTICA
650 ## - ASSUNTO - THESAGRO
Cabeçalho tópico ou nome geográfico SAPINDACEAE
773 0# - ENTRADA ANALÍTICA
Host Biblionumber 709
Registro do item 349653
Imprenta Rio de Janeiro-RJ Jardim Botanico do Rio de Janeiro 1935
Outro identificador 2025-2173
Título Rodriguésia (Brazil)
ISSN 0370-6583; 2175-7860 on-line
Colação v. 67(4) p. 1047-1059; (2016)
Número de controle de registro BR2025000239
856 ## - ACESSO E ENDEREÇO ELETRÔNICO
Identificador uniforme de recurso - URI https://www.scielo.br/j/rod/a/RFHTKpjChsdZpyxmJJqZ9vF/?format=pdf&lang=pt

Nenhum exemplar disponível.

BINAGRI

Telefone: (61)3218-2567/2388/3357/2097 - binagri@agro.gov.br

Ministério da Agricultura e Pecuária , Esplanada dos Ministérios, Bloco D, Anexo B, Brasília/DF, CEP: 70.043-900